| 000 | 00990nam0a22002411i 4500 | ||
|---|---|---|---|
| 001 | rc\4895420 | ||
| 005 | 20240724135923.0 | ||
| 021 |
_aRU _b[67-87305] |
||
| 035 | _a(NLR Aleph) 008831613 | ||
| 090 |
_a8286014 _c8286014 |
||
| 100 | _a20130426d1967 |||y0rusy50 ca | ||
| 101 | 0 | _arus | |
| 102 | _aRU | ||
| 105 | _ay d ||||| | ||
| 200 | 1 |
_aУвлажнение осушаемых болот в условиях Украинской ССР _e(Теорет. и эксперим. исследование и обобщение опыта) _eАвтореферат дис. на соискание учен. степени д-ра техн. наук _fМоск. гидромедиорат. ин-т |
|
| 210 |
_aМосква _d1967 |
||
| 215 | _a35 с. | ||
| 320 | _aСписок работ авт.: с. 34-35 (16 назв.) | ||
| 700 | 1 |
_aЯнголь _bА.М. _gАнтон Михайлович |
|
| 801 | 0 |
_aRU _bNLR _gpsbo |
|
| 801 | 1 |
_aRU _bELAR _2rusmarc |
|
| 852 |
_aNLR _j67-6/14268 |
||
| 942 | _cBOOK | ||